[Event "EU-ch Hybrid U10"]
[Site "Tornelo INT"]
[Date "2021.10.15"]
[Round "5"]
[White "Gulenko, Zakhar"]
[Black "Kozlov, Kirill Dm"]
[Result "0-1"]
[WhiteElo "1524"]
[BlackElo "1228"]
[PlyCount "106"]
[EventDate "2021.10.15"]
[EventType "swiss"]
[EventRounds "9"]
[EventCountry "NET"]
[SourceTitle "EXT 2023"]
[Source "ChessBase"]
[SourceDate "2022.10.05"]
[SourceVersion "1"]
[SourceVersionDate "2022.10.05"]
[SourceQuality "1"]
[WhiteTeam "Russia"]
[BlackTeam "Russia"]
[WhiteTeamCountry "RUS"]
[BlackTeamCountry "RUS"]

1. e4 c5 2. c3 e6 3. d4 d5 4. exd5 exd5 5. Nf3 cxd4 6. cxd4 Nc6 7. Nc3 Nf6 8. Bg5 Be7 9. Bb5 0-0 10. 0-0 h6 11. Bh4 Bg4 12. Bxc6 bxc6 13. Qd3 Bxf3 14. Qxf3 Qb6 15. Qe3 Rfe8 16. Qd2 Ne4 17. Nxe4 Bxh4 18. Nc5 Re7 19. Rfe1 Rae8 20. g3 Bg5 21. Qc3 Re2 22. f4 Bf6 23. Kf1 Qb5 24. Nd3 R2e4 25. Rad1 Bxd4 26. Qb3 Rxe1+ 27. Rxe1 Rxe1+ 28. Kxe1 Qxb3 29. axb3 c5 30. Kd2 Kf8 31. Kc2 Ke7 32. Ne1 Kd6 33. Nf3 Bf6 34. h4 h5 35. Nh2 Ke6 36. Nf1 Kf5 37. Kd3 Bxb2 38. Ne3+ Ke6 39. f5+ Ke5 40. Ng2 Bc1 41. Kc2 Bh6 42. Kd3 Kxf5 43. Ke2 Kg4 44. Kf2 Bd2 45. Kg1 Kxg3 46. Kh1 Kf2 47. Kh2 Bh6 48. Kh3 d4 49. b4 cxb4 50. Nf4 g6 51. Nd3+ Ke3 52. Nxb4 d3 53. Nxd3 Kxd3 0-1

[Event "Wch-ch U08 rapid"]
[Site "Minsk"]
[Date "2019.08.17"]
[Round "9"]
[White "Gulenko, Zakhar"]
[Black "Bouska, Jiri"]
[Result "0-1"]
[WhiteElo "1307"]
[BlackElo "1465"]
[PlyCount "110"]
[EventDate "2019.08.16"]
[EventType "swiss (rapid)"]
[EventRounds "9"]
[EventCountry "BLR"]
[SourceTitle "EXT 2020"]
[Source "ChessBase"]
[SourceDate "2019.10.17"]
[SourceVersion "1"]
[SourceVersionDate "2019.10.17"]
[SourceQuality "1"]

1. d4 Nf6 2. Bf4 g6 3. Nf3 Bg7 4. e3 d6 5. Nbd2 0-0 6. h3 Re8 7. Bd3 Nbd7 8. Bg5 h6 9. Bxf6 Nxf6 10. 0-0 e5 11. dxe5 dxe5 12. e4 b6 13. Nc4 Bb7 14. Re1 Nd7 15. Qe2 Nc5 16. Rad1 Qe7 17. Nfd2 Rad8 18. Nb3 Nxd3 19. cxd3 c5 20. Ne3 Qe6 21. Kh2 f5 22. exf5 gxf5 23. Qh5 Rf8 24. Nc4 Qc6 25. f3 Qc7 26. Qg6 e4+ 27. Qg3 f4 28. Qg4 b5 29. Nca5 Bc8 30. Qg6 exf3 31. gxf3 Qd7 32. Qh5 Rf5 33. Qg4 Qc7 34. Rg1 Rg5 35. Qh4 Qd7 36. Nxc5 Rxc5 37. Rg2 Kh7 38. Rdg1 Bh8 39. b4 Rd5 40. Nb3 Bf6 41. Qg4 Qe8 42. Qg6+ Qxg6 43. Rxg6 Bh4 44. Rg7+ Kh8 45. R7g6 Bg3+ 46. Kh1 Kh7 47. Ra6 Bxa6 48. Nc5 Bf2 49. Nxa6 Bxg1 50. Kxg1 Rxd3 51. Nc7 Rxf3 52. Ne6 Rg3+ 53. Kf2 Rd2+ 54. Ke1 Rxa2 55. Nxf4 Rg1# 0-1